[Event "Belgrade-chT"]
[Site "Belgrade"]
[Date "2017.10.28"]
[Round "8.1"]
[White "Savic, Dragoljub"]
[Black "Jokic, Miodrag"]
[Result "1/2-1/2"]
[WhiteElo "2035"]
[BlackElo "2090"]
[PlyCount "50"]
[EventDate "2017.10.01"]
[EventType "team-tourn"]
[EventRounds "11"]
[EventCountry "SRB"]
[SourceTitle "CBM 181 Extra"]
[Source "ChessBase"]
[SourceDate "2017.12.12"]
[SourceVersion "1"]
[SourceVersionDate "2017.12.12"]
[SourceQuality "1"]
[WhiteTeam "Lasta"]
[BlackTeam "Borca"]
[WhiteTeamCountry "SRB"]
[BlackTeamCountry "SRB"]

1. d4 d5 2. c4 e6 3. Nc3 Nf6 4. Bg5 Be7 5. e3 a6 6. cxd5 Nxd5 7. Bxe7 Qxe7 8. Nf3 Nxc3 9. bxc3 c5 10. Bd3 Nd7 11. 0-0 0-0 12. Qc2 h6 13. e4 b5 14. a4 c4 15. Be2 Bb7 16. Nd2 e5 17. Rab1 exd4 18. cxd4 Rac8 19. Bxc4 Nb6 20. axb5 Nxc4 21. Nxc4 axb5 22. Rxb5 Ba6 23. Rc5 Rxc5 24. dxc5 Qxc5 25. Rc1 Rc8 1/2-1/2

[Event "Belgrade-chT"]
[Site "Belgrade"]
[Date "2017.10.07"]
[Round "2.1"]
[White "Hrzic, Ivan"]
[Black "Jokic, Miodrag"]
[Result "1/2-1/2"]
[WhiteElo "2245"]
[BlackElo "2090"]
[PlyCount "100"]
[EventDate "2017.10.01"]
[EventType "team-tourn"]
[EventRounds "11"]
[EventCountry "SRB"]
[SourceTitle "CBM 181 Extra"]
[Source "ChessBase"]
[SourceDate "2017.12.12"]
[SourceVersion "1"]
[SourceVersionDate "2017.12.12"]
[SourceQuality "1"]
[WhiteTeam "GSP Polet"]
[BlackTeam "Borca"]
[WhiteTeamCountry "SRB"]
[BlackTeamCountry "SRB"]

1. c4 e5 2. g3 Nc6 3. Bg2 f5 4. d3 Nf6 5. Nc3 Bc5 6. Nf3 0-0 7. 0-0 a6 8. Nxe5 Nxe5 9. d4 Bd6 10. dxe5 Bxe5 11. Nd5 c6 12. Nf4 Qe7 13. Qc2 d6 14. Bd2 Ne4 15. Rad1 Nxd2 16. Rxd2 Be6 17. Nd3 Rad8 18. e3 g6 19. Rfd1 Bf6 20. b3 Bf7 21. Ne1 Rfe8 22. Rd3 Qf8 23. Qd2 Be7 24. h4 Be6 25. Bf3 Qf7 26. Ng2 Qf6 27. Nf4 Bf7 28. Bg2 h6 29. Ne2 Rf8 30. Qa5 Rd7 31. Nd4 Bd8 32. Qd2 Be7 33. Ne2 Rdd8 34. Nc3 g5 35. hxg5 hxg5 36. Rd4 Kg7 37. g4 Be6 38. gxf5 Bxf5 39. f3 Rh8 40. Qf2 d5 41. cxd5 c5 42. Ne4 Qh6 43. Rc4 Qh2+ 44. Kf1 b5 45. Ng3 bxc4 46. Nxf5+ Kf7 47. Nxe7 Kxe7 48. Qb2 Rhg8 49. bxc4 Qd6 50. Qc2 Rgf8 1/2-1/2

[Event "Cetinje op"]
[Site "Cetinje"]
[Date "2016.05.05"]
[Round "3"]
[White "Jokic, Miodrag"]
[Black "Milovic, Jovan"]
[Result "0-1"]
[WhiteElo "2100"]
[BlackElo "2307"]
[PlyCount "96"]
[EventDate "2016.05.04"]
[EventType "swiss"]
[EventRounds "9"]
[EventCountry "MNE"]
[SourceTitle "CBM 172 Extra"]
[Source "ChessBase"]
[SourceDate "2016.06.21"]
[SourceVersion "1"]
[SourceVersionDate "2016.06.21"]
[SourceQuality "1"]

1. d4 c5 2. d5 e6 3. c4 Bd6 4. Nc3 Be5 5. Nf3 Bxc3+ 6. bxc3 d6 7. e4 e5 8. Be2 Ne7 9. h3 Nd7 10. 0-0 Ng6 11. Nh2 0-0 12. Re1 Nf4 13. Bf1 Ng6 14. g3 f5 15. exf5 Rxf5 16. Bd3 Rf7 17. h4 Nf6 18. Bg5 Ne7 19. f4 exf4 20. Bxf4 Ng6 21. Bg5 Ne5 22. Be2 Qa5 23. Qc2 Bd7 24. Rab1 Ba4 25. Qc1 Raf8 26. Bf4 Qa6 27. Bxe5 dxe5 28. Qe3 Qd6 29. Rb2 e4 30. Rf1 b6 31. g4 Qe7 32. g5 Ne8 33. Rxf7 Rxf7 34. Bg4 Bd7 35. Bxd7 Qxd7 36. Qxe4 Nd6 37. Qd3 Qa4 38. Re2 b5 39. Re6 Qxc4 40. Qxc4 Nxc4 41. Rc6 Ne3 42. Rxc5 Rd7 43. Rxb5 Nxd5 44. Nf3 Nb6 45. c4 Nxc4 46. Rb8+ Kf7 47. Rc8 Nb6 48. Rc2 Ke6 0-1

[Event "Belgrade-chT Quality"]
[Site "Belgrade"]
[Date "2015.10.11"]
[Round "4"]
[White "Galiot, Goran"]
[Black "Jokic, Miodrag"]
[Result "1-0"]
[WhiteElo "2312"]
[BlackElo "2083"]
[PlyCount "45"]
[EventDate "2015.10.03"]
[EventType "team-tourn"]
[EventRounds "11"]
[EventCountry "SRB"]
[SourceTitle "EXT 2018"]
[Source "ChessBase"]
[SourceDate "2017.10.13"]
[SourceVersion "1"]
[SourceVersionDate "2017.10.13"]
[SourceQuality "1"]

1. d4 d6 2. e4 Nf6 3. Bd3 c6 4. Ne2 e5 5. 0-0 Be7 6. c3 0-0 7. Nd2 Nbd7 8. f4 b5 9. Nf3 Re8 10. a4 bxa4 11. Qxa4 Nb6 12. Qc2 Nfd7 13. Ng3 Qc7 14. Nf5 Bf6 15. Qe2 exd4 16. cxd4 Nf8 17. g4 Bd8 18. e5 Bxf5 19. gxf5 d5 20. Kh1 Qe7 21. f6 gxf6 22. Rg1+ Kh8 23. f5 1-0

[Event "SRB-ch Central"]
[Site "Kragujevac"]
[Date "2015.03.10"]
[Round "2"]
[White "Gajic, Aleksandar"]
[Black "Jokic, Miodrag"]
[Result "1/2-1/2"]
[WhiteElo "1795"]
[BlackElo "2100"]
[PlyCount "69"]
[EventDate "2015.03.09"]
[EventType "swiss"]
[EventRounds "9"]
[EventCountry "SRB"]
[SourceTitle "CBM 165 Extra"]
[Source "ChessBase"]
[SourceDate "2015.04.21"]
[SourceVersion "1"]
[SourceVersionDate "2015.04.21"]
[SourceQuality "1"]

1. d4 d5 2. Bf4 Nf6 3. e3 e6 4. Nf3 Bd6 5. Bxd6 cxd6 6. Nbd2 0-0 7. Be2 Nc6 8. c4 a6 9. 0-0 dxc4 10. Bxc4 b5 11. Be2 Bb7 12. a4 b4 13. a5 Nxa5 14. Qa4 Nc6 15. Rfc1 Qb6 16. Nc4 Qc7 17. Rc2 Nd5 18. Rac1 Rfc8 19. Ng5 Nde7 20. Nd2 h6 21. Nge4 Nd5 22. Nc4 b3 23. Qxb3 Ndb4 24. Ncxd6 Nxc2 25. Nxc8 N6xd4 26. exd4 Bxe4 27. Bf3 Bxf3 28. Rxc2 Bd5 29. Rxc7 Bxb3 30. Nd6 f6 31. Rc8+ Rxc8 32. Nxc8 Kf8 33. Kf1 Bd5 34. Nb6 Bc6 35. f3 1/2-1/2

[Event "SRB Central-ch op"]
[Site "Vrnjacka Banja"]
[Date "2014.03.22"]
[Round "8"]
[White "Ristic, Dejan D"]
[Black "Jokic, Miodrag"]
[Result "1/2-1/2"]
[WhiteElo "1770"]
[BlackElo "2103"]
[PlyCount "50"]
[EventDate "2014.03.17"]
[EventType "swiss"]
[EventRounds "9"]
[EventCountry "SRB"]
[SourceTitle "CBM 159 Extra"]
[Source "ChessBase"]
[SourceDate "2014.04.24"]
[SourceVersion "1"]
[SourceVersionDate "2014.04.24"]
[SourceQuality "1"]

1. d4 c5 2. d5 e5 3. c4 d6 4. Nc3 f5 5. e4 Nf6 6. Bg5 Be7 7. Bxf6 Bxf6 8. Nf3 0-0 9. Bd3 f4 10. h3 Nd7 11. a4 b6 12. Qd2 a6 13. Nh2 Rb8 14. Be2 Bg5 15. Qd1 Nf6 16. Ng4 Ne8 17. Nh2 Nc7 18. Bg4 b5 19. axb5 axb5 20. Bxc8 Qxc8 21. b3 bxc4 22. bxc4 Rb4 23. Qe2 g6 24. 0-0 h5 25. Ra3 Qb7 1/2-1/2

[Event "SRB Central-ch op"]
[Site "Vrnjacka Banja"]
[Date "2014.03.18"]
[Round "2"]
[White "Jokic, Miodrag"]
[Black "Gavrilovic, Leonardo"]
[Result "0-1"]
[WhiteElo "2103"]
[BlackElo "2255"]
[PlyCount "94"]
[EventDate "2014.03.17"]
[EventType "swiss"]
[EventRounds "9"]
[EventCountry "SRB"]
[SourceTitle "CBM 159 Extra"]
[Source "ChessBase"]
[SourceDate "2014.04.24"]
[SourceVersion "1"]
[SourceVersionDate "2014.04.24"]
[SourceQuality "1"]

1. d4 Nf6 2. c4 e6 3. Nf3 b6 4. e3 Bb7 5. Bd3 c5 6. 0-0 Be7 7. Nc3 0-0 8. d5 exd5 9. cxd5 d6 10. e4 a6 11. a4 Nbd7 12. h3 Re8 13. Re1 Nf8 14. Nd2 Ng6 15. Nc4 Qc7 16. f4 Rad8 17. Bd2 Nd7 18. Ra3 Bf6 19. Rb3 Rb8 20. Qb1 Bc8 21. Kh1 Bd4 22. Ne2 Bf6 23. Rc1 b5 24. Ba5 bxc4 25. Bxc7 Rxb3 26. Bxc4 Rxb2 27. Qd3 Be7 28. Rb1 Rb4 29. Ra1 Nge5 30. fxe5 Nxe5 31. Qg3 Nxc4 32. Rf1 Rb7 33. Qc3 Ne5 34. Ba5 Bd7 35. Qc2 Bf6 36. Bc3 Reb8 37. Kh2 Rb3 38. Qc1 Nd3 39. Qd2 Bxc3 40. Nxc3 Ne5 41. Qc2 R3b4 42. Na2 R4b7 43. Nc3 Rb2 44. Qc1 R2b3 45. Qg5 f6 46. Rxf6 Rxc3 47. Rf1 h6 0-1

[Event "Belgrade Trophy 27th"]
[Site "Obrenovac"]
[Date "2013.11.27"]
[Round "4"]
[White "Jokic, Miodrag"]
[Black "Pantelic, Sasa"]
[Result "0-1"]
[WhiteElo "2115"]
[BlackElo "2313"]
[PlyCount "40"]
[EventDate "2013.11.24"]
[EventType "swiss"]
[EventRounds "9"]
[EventCountry "SRB"]
[SourceTitle "CBM 157 Extra"]
[Source "ChessBase"]
[SourceDate "2013.12.19"]
[SourceVersion "1"]
[SourceVersionDate "2013.12.19"]
[SourceQuality "1"]

1. d4 Nf6 2. c4 g6 3. Nc3 Bg7 4. e4 d6 5. Nf3 Bg4 6. Be2 0-0 7. Be3 Nfd7 8. h3 Bxf3 9. gxf3 e5 10. Qd2 Nc6 11. d5 Nd4 12. h4 c5 13. 0-0-0 a6 14. Rdg1 b5 15. b3 bxc4 16. bxc4 Qa5 17. Kd1 Rab8 18. Ke1 Qa3 19. Qc1 Rb2 20. Bd1 Nc2+ 0-1

[Event "Belgrade Trophy 26th"]
[Site "Belgrade"]
[Date "2012.11.29"]
[Round "6"]
[White "Novak, Jiri"]
[Black "Jokic, Miodrag"]
[Result "0-1"]
[WhiteElo "2011"]
[BlackElo "2119"]
[PlyCount "64"]
[EventDate "2012.11.24"]
[EventType "swiss"]
[EventRounds "9"]
[EventCountry "SRB"]
[SourceTitle "CBM 151 Extra"]
[Source "ChessBase"]
[SourceDate "2012.12.18"]
[SourceVersion "1"]
[SourceVersionDate "2012.12.18"]
[SourceQuality "1"]

1. e4 d6 2. d4 Nf6 3. Nc3 g6 4. f4 Bg7 5. Nf3 0-0 6. Bd3 Nc6 7. a3 Bg4 8. h3 Bxf3 9. gxf3 Nxd4 10. Be3 e5 11. fxe5 dxe5 12. Bg5 Qd7 13. h4 Nh5 14. Nd5 c6 15. Nc3 b5 16. Kd2 a5 17. Kc1 Rfb8 18. Be3 a4 19. Rh2 Qe7 20. Qf1 b4 21. Nd1 bxa3 22. Bxd4 exd4 23. f4 Bh6 24. Rf2 Nxf4 25. Kb1 axb2 26. Ra2 Qxh4 27. Bc4 a3 28. Rf3 Qg5 29. Rfxa3 Nd5 30. Nxb2 Rxa3 31. Rxa3 Nc3+ 32. Ka1 Qc1+ 0-1

[Event "Belgrade Trophy 26th"]
[Site "Belgrade"]
[Date "2012.11.26"]
[Round "3"]
[White "Jokic, Miodrag"]
[Black "Buzganovic, Jovan"]
[Result "1/2-1/2"]
[WhiteElo "2119"]
[BlackElo "1884"]
[PlyCount "51"]
[EventDate "2012.11.24"]
[EventType "swiss"]
[EventRounds "9"]
[EventCountry "SRB"]
[SourceTitle "CBM 151 Extra"]
[Source "ChessBase"]
[SourceDate "2012.12.18"]
[SourceVersion "1"]
[SourceVersionDate "2012.12.18"]
[SourceQuality "1"]

1. d4 e5 2. dxe5 Nc6 3. Nf3 Nge7 4. Nc3 Ng6 5. g3 Ncxe5 6. Nxe5 Nxe5 7. Bg2 c6 8. 0-0 d5 9. e3 Be7 10. h3 0-0 11. Ne2 Re8 12. b3 Bf6 13. Rb1 Bf5 14. g4 Bc8 15. f4 Ng6 16. c3 Nh4 17. Qe1 Nxg2 18. Kxg2 Qe7 19. Ng3 g6 20. Rb2 b6 21. Rbf2 Ba6 22. Rh1 Bb7 23. Qd2 c5 24. Kh2 Bg7 25. Rg1 Kh8 26. c4 1/2-1/2

[Event "Bar op"]
[Site "Bar"]
[Date "2010.04.21"]
[Round "6"]
[White "Bacic, Kristina"]
[Black "Jokic, Miodrag"]
[Result "1/2-1/2"]
[WhiteElo "1797"]
[BlackElo "2121"]
[PlyCount "77"]
[EventDate "2010.04.17"]
[EventType "swiss"]
[EventRounds "9"]
[EventCountry "MNE"]
[SourceTitle "CBM 135 Extra"]
[Source "ChessBase"]
[SourceDate "2010.05.04"]
[SourceVersion "1"]
[SourceVersionDate "2010.05.04"]
[SourceQuality "1"]

1. d4 d5 2. Nf3 c5 3. c3 cxd4 4. cxd4 g6 5. Nc3 Bg7 6. Bf4 a6 7. e3 e6 8. Bd3 Nf6 9. h3 0-0 10. 0-0 Nc6 11. a3 Nh5 12. Bh2 f5 13. Ne5 Nf6 14. Nxc6 bxc6 15. Na4 Nd7 16. Qc2 Bb7 17. b4 e5 18. dxe5 Nxe5 19. Bxe5 Bxe5 20. Rac1 f4 21. exf4 Bxf4 22. Rce1 Qf6 23. Re2 Rae8 24. Rfe1 Rxe2 25. Qxe2 Bc8 26. Rf1 Bc7 27. Bxa6 Qd6 28. f4 Bxa6 29. Qxa6 Rxf4 30. Rxf4 Qxf4 31. Qd3 Be5 32. Qf3 Qc1+ 33. Kf2 Qd2+ 34. Kf1 Qc1+ 35. Kf2 Qc2+ 36. Qe2 Bd4+ 37. Kf1 Qxa4 38. Qe8+ Kg7 39. Qe7+ 1/2-1/2

[Event "Bar op"]
[Site "Bar"]
[Date "2010.04.19"]
[Round "4"]
[White "Mihasi, Lime"]
[Black "Jokic, Miodrag"]
[Result "1-0"]
[WhiteElo "2031"]
[BlackElo "2121"]
[PlyCount "87"]
[EventDate "2010.04.17"]
[EventType "swiss"]
[EventRounds "9"]
[EventCountry "MNE"]
[SourceTitle "CBM 135 Extra"]
[Source "ChessBase"]
[SourceDate "2010.05.04"]
[SourceVersion "1"]
[SourceVersionDate "2010.05.04"]
[SourceQuality "1"]

1. e4 d6 2. d4 Nf6 3. Nc3 g6 4. Bg5 c6 5. Qd2 h6 6. Bh4 b5 7. Bd3 Bg7 8. Nge2 e5 9. dxe5 dxe5 10. 0-0-0 Nbd7 11. h3 Qa5 12. a3 g5 13. Bg3 Bf8 14. Kb1 Qb6 15. Na2 a5 16. h4 Rg8 17. hxg5 hxg5 18. f3 Bb7 19. Be1 Bc5 20. Rh6 Bf8 21. Rh1 c5 22. Ng3 c4 23. Bf1 Bc5 24. Nf5 Ra6 25. Rh6 Qc7 26. Bf2 Bxf2 27. Qxf2 Kf8 28. Nc3 Rb6 29. Qd2 Bc8 30. g4 Qc5 31. Be2 Re6 32. Rhh1 Ra6 33. Nd5 Nxd5 34. Qxd5 Rc6 35. Qxc5+ Rxc5 36. Rd6 Ke8 37. c3 Kd8 38. Rh7 Rf8 39. Rg7 Kc7 40. Rd2 f6 41. Rh7 Rd8 42. Kc2 Rc6 43. Rd5 Re6 44. Rxb5 1-0

[Event "Belgrade-chT Quality"]
[Site "Belgrade"]
[Date "2009.11.03"]
[Round "11"]
[White "Tisma, Ivan"]
[Black "Jokic, Miodrag"]
[Result "1-0"]
[WhiteElo "2210"]
[BlackElo "2138"]
[PlyCount "61"]
[EventDate "2009.10.11"]
[EventType "team-tourn"]
[EventRounds "11"]
[EventCountry "YUG"]
[SourceTitle "CBM 133 Extra"]
[Source "ChessBase"]
[SourceDate "2010.01.05"]
[SourceVersion "1"]
[SourceVersionDate "2010.01.05"]
[SourceQuality "1"]

1. Nf3 d5 2. g3 Nf6 3. Bg2 g6 4. 0-0 Bg7 5. c4 d4 6. d3 0-0 7. b4 Re8 8. Bb2 e5 9. Nbd2 a5 10. a3 c5 11. bxc5 Qc7 12. a4 Na6 13. Nb3 Bf8 14. Ba3 Bd7 15. c6 Bxc6 16. Bxf8 Kxf8 17. Qd2 b6 18. Qh6+ Kg8 19. Ng5 Bxg2 20. Kxg2 Qc6+ 21. Kg1 Rad8 22. Nd2 Nc5 23. f4 exf4 24. Rxf4 Rxe2 25. Nde4 Ncxe4 26. dxe4 d3 27. Raf1 Rd6 28. Nxh7 Qc5+ 29. Kh1 Qe5 30. Qf8+ Kxh7 31. Rh4+ 1-0

[Event "Belgrade-chT Quality"]
[Site "Belgrade"]
[Date "2009.11.02"]
[Round "10"]
[White "Jokic, Miodrag"]
[Black "Janjic, Jugoslav"]
[Result "1-0"]
[WhiteElo "2138"]
[BlackElo "2079"]
[PlyCount "69"]
[EventDate "2009.10.11"]
[EventType "team-tourn"]
[EventRounds "11"]
[EventCountry "YUG"]
[SourceTitle "CBM 133 Extra"]
[Source "ChessBase"]
[SourceDate "2010.01.05"]
[SourceVersion "1"]
[SourceVersionDate "2010.01.05"]
[SourceQuality "1"]

1. d4 Nf6 2. c4 c5 3. d5 b5 4. a4 bxc4 5. Nc3 d6 6. e4 g6 7. Nf3 Bg7 8. Bxc4 0-0 9. Qe2 Nbd7 10. h3 Bb7 11. a5 Rb8 12. 0-0 Ne8 13. a6 Bc8 14. Nb5 Ra8 15. Bd2 Bxb2 16. Ba5 Nb6 17. Qxb2 Nxc4 18. Bxd8 Nxb2 19. Bxe7 Nd3 20. Ra5 f6 21. Bxf8 Kxf8 22. Nd2 Nb4 23. Rfa1 Nc2 24. R1a4 Bd7 25. Ra2 Nb4 26. Ra1 Nc2 27. Rc1 Nb4 28. Nc4 Ke7 29. Ne3 Bxb5 30. Rxb5 Nxa6 31. Rb7+ Nac7 32. Ra1 a6 33. Nc4 Kd8 34. Nb6 Rc8 35. Rxa6 1-0

[Event "Belgrade-chT Quality"]
[Site "Belgrade"]
[Date "2009.10.17"]
[Round "2"]
[White "Markovic, Misa"]
[Black "Jokic, Miodrag"]
[Result "1/2-1/2"]
[WhiteElo "2193"]
[BlackElo "2138"]
[PlyCount "32"]
[EventDate "2009.10.11"]
[EventType "team-tourn"]
[EventRounds "11"]
[EventCountry "YUG"]
[SourceTitle "CBM 133 Extra"]
[Source "ChessBase"]
[SourceDate "2010.01.05"]
[SourceVersion "1"]
[SourceVersionDate "2010.01.05"]
[SourceQuality "1"]

1. e4 d6 2. d4 Nf6 3. Nc3 g6 4. Be2 Bg7 5. Be3 c6 6. a4 Qa5 7. Qd2 Nbd7 8. f4 0-0 9. h4 h5 10. Nh3 c5 11. d5 Nh7 12. g4 hxg4 13. Bxg4 Ndf6 14. Bf3 Ng4 15. h5 Nxe3 16. Qxe3 Qb4 1/2-1/2

[Event "SRB Central-ch"]
[Site "Vrnjacka Banja"]
[Date "2008.11.14"]
[Round "9"]
[White "Jokic, Miodrag"]
[Black "Vasic, Vladimir"]
[Result "0-1"]
[WhiteElo "2148"]
[BlackElo "2191"]
[PlyCount "62"]
[EventDate "2008.11.08"]
[EventType "swiss"]
[EventRounds "9"]
[EventCountry "YUG"]
[SourceTitle "EXT 2010"]
[Source "ChessBase"]
[SourceDate "2010.11.25"]
[SourceVersion "1"]
[SourceVersionDate "2010.11.25"]
[SourceQuality "1"]

1. d4 d5 2. c4 dxc4 3. Nc3 e5 4. d5 a6 5. a4 Bb4 6. e3 Nf6 7. Bxc4 0-0 8. Qb3 Qe7 9. Nge2 Nbd7 10. 0-0 e4 11. Ng3 Bd6 12. Qc2 Re8 13. Rd1 Qe5 14. Rd4 Bc5 15. Rd2 h5 16. b4 Bxb4 17. Bb2 Qg5 18. Ncxe4 Nxe4 19. Nxe4 Rxe4 20. Qxe4 Bxd2 21. d6 Nf8 22. Rd1 Bb4 23. d7 Bxd7 24. Qxb7 Rd8 25. Bf1 a5 26. Qxc7 Rc8 27. Qb6 Bxa4 28. h4 Qg6 29. Qb7 Bxd1 30. Qxc8 Qb1 31. Bc1 Bc2 0-1

[Event "SRB Central-ch"]
[Site "Vrnjacka Banja"]
[Date "2008.11.13"]
[Round "8"]
[White "Misailovic, Nebojsa"]
[Black "Jokic, Miodrag"]
[Result "1-0"]
[WhiteElo "2267"]
[BlackElo "2148"]
[PlyCount "117"]
[EventDate "2008.11.08"]
[EventType "swiss"]
[EventRounds "9"]
[EventCountry "YUG"]
[SourceTitle "EXT 2010"]
[Source "ChessBase"]
[SourceDate "2010.11.25"]
[SourceVersion "1"]
[SourceVersionDate "2010.11.25"]
[SourceQuality "1"]

1. e4 d6 2. d4 Nf6 3. Nc3 e5 4. dxe5 dxe5 5. Qxd8+ Kxd8 6. Bc4 Be6 7. Bxe6 fxe6 8. Nge2 Nc6 9. Be3 a6 10. 0-0-0+ Bd6 11. Kb1 Ke7 12. f3 b5 13. Nc1 Rhb8 14. N3e2 b4 15. Nb3 a5 16. Nd2 a4 17. Nc4 Na5 18. Nxa5 Rxa5 19. Rd2 b3 20. cxb3 axb3 21. a3 Nd7 22. Rc1 Nb6 23. Bxb6 Rxb6 24. Rd3 Ra4 25. Rcc3 c5 26. Rxb3 c4 27. Rxb6 cxd3 28. Nc3 Rc4 29. Rb3 Bc5 30. Kc1 Be3+ 31. Kd1 Kf6 32. a4 Kg5 33. a5 Kf4 34. a6 Bc5 35. Kd2 Be3+ 36. Kxd3 Rd4+ 37. Kc2 Rd2+ 38. Kb1 Rxg2 39. Ne2+ Rxe2 40. Rxe3 Kxe3 41. a7 Rxh2 42. a8Q Kxf3 43. b4 g5 44. b5 g4 45. Qa3+ Kf4 46. Qc1+ Kf3 47. Qd1+ Re2 48. b6 Kf2 49. b7 Re1 50. Qxe1+ Kxe1 51. b8Q g3 52. Qxe5 g2 53. Qg3+ Kf1 54. Qf3+ Kg1 55. Kc2 Kh2 56. Qf4+ Kh3 57. Qf2 Kh2 58. Qh4+ Kg1 59. Kd2 1-0